000 00666nam a2200241Ia 4500
003 OSt
005 20220918230939.0
006 a|||||r|||| 00| 0
007 ta
008 220917b |||||||| |||| 00| 0 eng d
024 _a261,711
037 _cTextual
040 _aARTS
_cARTS
_beng
041 _2eng
_aeng
082 _aY74436, K5
100 _aSingh Sher
_9153556
245 0 _aSansis of Punjab
_b a gypsy and de-notified tribe of rajput origin
260 _aDelhi
_bMunshiram Manoharlal India
_c1965
300 _axi,367p.
_ccm.
650 _aSOCIOLOGY
942 _hY74436, K5
_cTEXL
_2CC
999 _c289343
_d289343